000 01287nam a2200337 i 4500
003 EG-GICUC
005 20260121101434.0
008 251206r20052004ua ||||fr|||| 00| 0 ara d
017 _a2005/13072
020 _a9770445045
040 _a EG-GICUC
_bara
_c EG-GICUC
_d EG-GICUC
_erda
041 0 _aara
082 0 4 _221
_a343.020598
_bع ص . ت
092 0 4 _221
099 _aLaw1 10 343.020598 ع ص . ت 1 ed - 2005
100 0 _a عصام عفيفي عبد البصير
_eمؤلف.
245 1 2 _a التعليق على نظام الإجراءات الجزائية في المملكة العربية السعودية /
_cالدكتور عصام عفيفي عبد البصير.
250 _aطبعة اولى
264 1 _aالقاهرة :
_bدار النهضة العربية،
_c1977.
300 _a512 صفحة ؛
_c24 سم.
336 _2rda content
_atext
337 _2rda media
_aComputer
338 _2rda carrier
_aOnline Resource
504 _a. 492-496 ببليوجرافيا: صفحات
546 _aالنص باللغة العربية
650 1 4 _aالجرائم الماسة بالعرض
650 1 4 _aالقانون الجنائي
856 4 0 _uhttps://fll.law.cu.edu.eg/fulltext/bks/B10-05622.pdf
905 _a77
_eHassnaa
942 _2ddc
_cBK
_e21
_n0
999 _c48625
_d48625